000 00572nam a22001937a 4500
003 OSt
005 20250822030251.0
008 250822b |||||||| |||| 00| 0 eng d
020 _a978-1-58479-696-1.
040 _aDWCL- Main lib
_cOC
082 _aCirc. 643.3 B878a 2008
100 _aBrown, Alton
245 _aAlton Brown's gear for your kitchen/
_cAlton Brown
260 _a N. Y. :
_bStewart, Tabori & Chang,
_cc2008.
300 _a 255 p.
_b ill. ;
_c 23 cm.
504 _aIncludes index.
650 _a1. Kitchen utensils.
942 _2ddc
_cBK-CIRC
_kCirc.
_n0
999 _c4159
_d4159